Star Wars Planets-Sudden Death - Statistics

General Stats
  • This quiz has been taken 264 times
  • The average score is 9 of 20
Answers on the Grid
Answers color-coded by a green-red scale on the quiz's grid according to % correct below.
Abafar
Hoth
Tatooine
Levianta
Gallifrey
Dantooine
Aractus
Arkheon
Avalon
Boromeo
Cardassia Prime
Nimbus III
Anaxes
Vulcan
Chandra V
Pantora
Peragus II
Bespin
Corellia
Cato Neimoidia
Agaron
Axanar
Manaan
Mars
Kashyyyk
Marlonia
Korriban
Rakata Prime
Sikaris
Tessik Prime
Tkon
Dxun
Triacus
Malachor V
Geonosis
Yridia
Naboo
Ha'Dara
Ach-To
Tython
 
Answer Stats
Answer % Correct
Tatooine
95%
Hoth
94%
Dantooine
78%
Naboo
73%
Kashyyyk
71%
Bespin
69%
Geonosis
67%
Ach-To
57%
Corellia
56%
Cato Neimoidia
41%
Malachor V
40%
Anaxes
31%
Korriban
31%
Pantora
27%
Tython
25%
Abafar
24%
Rakata Prime
24%
Manaan
11%
Dxun
8%
Peragus II
5%
No matching quizzes found
Score Distribution
Percent of People with Each Score
Percentile by Number Answered
Your Score History
You have not taken this quiz